World in Digital Age: (Record no. 188483)

MARC details
000 -LEADER
fixed length control field 00660nam a22001937a 4500
005 - DATE AND TIME OF LATEST TRANSACTION
control field 20220525102138.0
010 ## - LCCN (DPL NO)
LC control number ENG-132809
020 ## - INTERNATIONAL STANDARD BOOK NUMBER
International Standard Book Number 9788186038833
Terms of availability 750.00
035 ## - SYSTEM CONTROL NUMBER
System control number EN-116341
037 ## - SOURCE OF ACQUISITION
Source of stock number/acquisition DBAD/PUB
082 ## - DEWEY DECIMAL CLASSIFICATION NUMBER
Classification number 025.84
245 ## - TITLE STATEMENT
Title World in Digital Age:
Remainder of title Digitization and Prservation/
Statement of responsibility, etc Edited by syed Ahtisham Raza Naqvi and Rishi Tiwari
260 ## - PUBLICATION, DISTRIBUTION, ETC. (IMPRINT)
Place of publication, distribution, etc Uttar Pradesh
Name of publisher, distributor, etc Inmantec Publishing
Date of publication, distribution, etc 2014
270 ## - ADDRESS
Address Adhyatmik Nagar, Delhi-Hapur Bypass (NH-24) Udyog Kunj
City Ghaziabad
Postal code 201009
300 ## - PHYSICAL DESCRIPTION
Extent ix, 289p
Dimensions 23cm(hbk)
700 ## - ADDED ENTRY--PERSONAL NAME
Personal name Naqvi, Syed Ahtisham Raza
700 ## - ADDED ENTRY--PERSONAL NAME
Personal name Tiwari, Rishi
942 ## - ADDED ENTRY ELEMENTS (KOHA)
Source of classification or shelving scheme Dewey Decimal Classification
Item type English Books
Classification part 025.84
Call number suffix WOR
Holdings
Withdrawn status Lost status Not for loan Collection code Home library Current library Date acquired Source of acquisition Cost, normal purchase price Full call number Barcode Copy number Cost, replacement price Koha item type
      Non-fiction Patel Nagar Patel Nagar 25/05/2022 DBAD/PUB 750.00 025.84 WOR EN-116341 1 750.00 English Books

© Delhi Public Library
Hit Counter
free hit counter